Missing Word: Christmas Lyrics A-Z Quiz Stats

Quiz Updated Feb 29, 2016

Challenge
Share
Tweet
Embed
Score 0/25 Timer 04:00
1 Play Today
Lyric Excerpt Missing Word % Correct
You'll go down in _______!History
91%
Don we now our gay _______, / Troll the ancient yuletide carol.Apparel
90.6%
Ten lords a-_______,Leaping
88.9%
Now bring us some _____ pudding, / And bring some out here.Figgy
82.8%
Frosty the Snow Man was a _____, happy soulJolly
81.5%
O come, all ye faithful, / Joyful and __________,Triumphant
80.2%
Fall on your _____, / Oh, hear the angel voices!Knees
79.4%
I'm dreaming of a White Christmas. / With every Christmas card I _____Write
78.5%
Bells on _______ ring, / Making spirits bright;Bobtail
78%
I'll hold your hands. They're just like ___.Ice
69.8%
There'll be parties for hosting, ____________ for toasting
and caroling out in the snow.
Marshmallows
69.7%
God rest you merry, gentlemen, / Let _______ you dismay,Nothing
69.4%
Field and fountain, moor and mountain, / Following ______ star.Yonder
65.5%
Lyric Excerpt Missing Word % Correct
Peace on earth and mercy mild, / God and sinners __________!Reconciled
62.8%
Silent night! Holy night! / Shepherds _____ at the sight;Quake
61.8%
Let every heart _______ Him room, / And heaven and nature sing,Prepare
58.9%
Above thy deep and _________ sleep / The silent stars go by;Dreamless
54.9%
When the snow lay round about, / Deep and _____, and even:Crisp
51%
And the mountains in reply, / _______ their joyous strains.Echoing
46.3%
To face ________ the plans that we made / Walkin' in a winter wonderland.Unafraid
44.8%
Whom angels _____ with anthems sweet,
While shepherds watch are keeping?
Greet
36.5%
______ the snow is falling / And friends are calling, 'yoo hoo!'.Outside
35.8%
The world in ______ stillness lay, / To hear the angels sing.Solemn
25.3%
Ding dong! ______ the sky / Is riven with angel singing.Verily
19.6%
On wheels of light, on wings of flame, / The glorious hosts to ____ came.Zion
19.2%

Today's Daily Dose

You're not logged in!

Compare scores with friends on all Sporcle quizzes.
Sign Up with Email
OR
Log In

You Might Also Like...

Show Comments

Extras

Top Quizzes Today


Score Distribution

Your Account Isn't Verified!

In order to create a playlist on Sporcle, you need to verify the email address you used during registration. Go to your Sporcle Settings to finish the process.